000 01121cam a2200301 a 4500
001 3016274
003 OSt
005 20160513154536.0
008 940930s1995 nyua b 001 0 eng
010 _a 94038517
020 _a0945257651 (hard)
020 _a0945257643 (pbk.)
040 _aDLC
_cDLC
_dDLC
043 _ad------
050 0 0 _aHC60
_b.G627 1995
082 0 0 _a174
_220
_bGOU 1995
100 1 _aGoulet, Denis.
_98769
245 1 0 _aDevelopment ethics :
_ba guide to theory and practice /
_cDenis Goulet.
250 _aZed Books Ltd. ed.
260 _aNew York :
_bApex Press ;
_aLondon :
_bZed Books Ltd.,
_c1995.
300 _axiii, 252 p. :
_bill. ;
_c23 cm.
504 _aIncludes bibliographical references (p. 217-244) and index.
650 0 _aEconomic assistance
_xMoral and ethical aspects
_zDeveloping countries.
_98770
650 0 _aTechnical assistance
_xMoral and ethical aspects
_zDeveloping countries.
_98771
906 _a7
_bcbc
_corignew
_d1
_eocip
_f19
_gy-gencatlg
942 _2ddc
_cSLOAN
999 _c4019
_d4019